000 00268nam a22001217a 4500
008 181106b xxu||||| |||| 00| 0 eng d
041 _aeng
080 _a821
100 _a21
101 _aGJU
245 _aWebstyers College Dictionary
_cJmaes.g
942 _2udc
_cBK
999 _c51975
_d51975